Countries with Wild Anteater - Statistics

General Stats
  • This quiz has been taken 97 times
  • The average score is 19 of 21
Answer Stats
Species Country % Correct
2 Argentina
99%
3 Brazil
99%
2 Mexico
99%
3 Panama
98%
4 Colombia
96%
4 Peru
96%
1 Uruguay
96%
2-3 Costa Rica
95%
4 Ecuador
95%
4 Venezuela
95%
2 Paraguay
94%
1-2 Belize
93%
3 Honduras
93%
3 Nicaragua
93%
3 Bolivia
92%
3 Suriname
92%
3 El Salvador
91%
3 Guyana
91%
2-3 Guatemala
89%
3 France (French Guiana)
79%
2 Trinidad and Tobago
68%
No matching quizzes found
Score Distribution
Percent of People with Each Score
Percentile by Number Answered
Your Score History
You have not taken this quiz